=LDR 00000nam 2200000 4500 =001 NUTBA000000000004510 =005 20231019041304 =035 ##$$a 0010-091400000000543 =008 231019################g##########0#ind## =020 ##$$a 978-979-6022-15-1 =040 ##$$a NBPDMAT =082 ##$$a R. 540 =090 ##$$a R. 540 $b Dia k =100 ##$$a Dian Puspasari =245 1#$$a Kamus lengkap kimia /$c Dian Puspasari, S.Pd., Dwi Setyorini, S.Pd =260 ##$$a [s.l] :$b Dwi Media Press,$c 2010 =300 ##$$a viii, 320 hlm. ; $c 21 x 14 cm. =650 #4$$a Kimia-Kamus =084 ##$$a R. 540 DIA k =250 ##$$a cet.1 =700 #$$a Dwi Setyorini =990 ##$$a 21409102 =990 ##$$a 21409103 =990 ##$$a 21409104 =990 ##$$a 21409105 =990 ##$$a 21409106 =990 ##$$a 21409105 =990 ##$$a 21409102 =990 ##$$a 21409103 =990 ##$$a 21409104 =990 ##$$a 21409106 =990 ##$$a 21409103 =990 ##$$a 21409102 =990 ##$$a 21409104 =990 ##$$a 21409105 =990 ##$$a 21409106 =990 ##$$a 21409106 =990 ##$$a 21409102 =990 ##$$a 21409103 =990 ##$$a 21409104 =990 ##$$a 21409105 =990 ##$$a 21409102 =990 ##$$a 21409103 =990 ##$$a 21409104 =990 ##$$a 21409105 =990 ##$$a 21409106 =990 ##$$a 21409104 =990 ##$$a 21409102 =990 ##$$a 21409103 =990 ##$$a 21409105 =990 ##$$a 21409106